000 00319nam a22001457a 4500
008 221205b ||||| |||| 00| 0 eng d
020 _a9780133792249
041 _aeng
080 _a316
082 _a316MAN
100 _a24.2
101 _aSOCIO
245 _aTHE SOCIOLOGY PROJECT 2.0
_cMANZA J
942 _2udc
_cBK
999 _c59099
_d59099